000 01326pam a2200337 a 4500
001 3296552
003 OSt
005 20231214150430.0
008 830812m19849999nyua 001 0 eng
010 _a 83017666
020 _a9781441932013
020 _a0306413329 (v. 1)
040 _aDLC
_cDLC
_dDLC
050 0 0 _aQC718
_b.C39 1984
082 0 0 _a530.44
_bCHE/I
100 1 _aChen, Francis F.,
_d1929-
_94492
245 1 0 _aIntroduction to plasma physics and controlled fusion /
_cFrancis F. Chen.
250 _a2nd ed.
260 _aNew York :
_b:Plenum Press,
_cc1984-
300 _av. <1 > : 421p
_bill. ;
_c25 cm.
500 _aRev. ed. of: Introduction to plasma physics. 1974.
500 _aIncludes index.
505 1 _av. 1. Plasma physics.
650 0 _aPlasma (Ionized gases)
700 1 _aChen, Francis F.,
_d1929-
_tIntroduction to plasma physics.
856 4 2 _3Contributor biographical information
_uhttp://www.loc.gov/catdir/enhancements/fy0820/83017666-b.html
856 4 2 _3Publisher description
_uhttp://www.loc.gov/catdir/enhancements/fy0820/83017666-d.html
856 4 1 _3Table of contents only
_uhttp://www.loc.gov/catdir/enhancements/fy0820/83017666-t.html
906 _a7
_bcbc
_corignew
_d1
_eocip
_f19
_gy-gencatlg
942 _2ddc
_cBK
_h530.44
_iCHE/I
_k530.44
_mCHE/I
999 _c44203
_d44203